Statistics for Pokémon names ending with letter H

Click here to take the quiz!

General Stats

  • This quiz has been taken 266 times
    (72 since last reset)
  • The average score is 17 of 33

Answer Stats

GenPokémon% Correct
IVenomoth
70%
IRapidash
67%
IIHo-Oh
63%
IIICorphish
60%
VIIIFrosmoth
60%
IPoliwrath
60%
IIISlakoth
60%
IIIVigoroth
60%
IIIWhiscash
60%
VIIICopperajah
57%
VFrillish
57%
ISandslash
57%
VIAegislash
53%
IIIAnorith
53%
VIIIArctovish
53%
IIIBarboach
53%
VIIIDracovish
53%
IIIShroomish
53%
IIITrapinch
53%
VGigalith
50%
IOddish
47%
IIQwilfish
47%
VThroh
47%
VVanillish
47%
VIIICentiskorch
43%
IXIron Moth
43%
IMeowth
43%
VIIBruxish
40%
IIIRelicanth
40%
VSigilyph
40%
VTrubbish
40%
IXFidough
37%
IVTangrowth
33%

Score Distribution

Percentile by Number Answered

Percent of People with Each Score

Your Score History

You have not taken this quiz since the last reset